AH International Schools' Libraries

The crayons go back to school / (Record no. 49716)

MARC details
000 -LEADER
fixed length control field 01802nam a2200373 4500
020 ## - INTERNATIONAL STANDARD BOOK NUMBER
International Standard Book Number 9780593621110
042 ## - AUTHENTICATION CODE
Authentication code lccopycat
100 1# - MAIN ENTRY--PERSONAL NAME
Personal name Daywalt, Drew,
Relator term author.
9 (RLIN) 86820
245 14 - TITLE STATEMENT
Title The crayons go back to school /
Statement of responsibility, etc Drew Daywalt, illustrated by Oliver Jeffers.
260 ## - PUBLICATION, DISTRIBUTION, ETC. (IMPRINT)
Name of publisher, distributor, etc Philomel Books;
Date of publication, distribution, etc May 4, 2021.
300 ## - PHYSICAL DESCRIPTION
Extent 22 pages :
Other physical details color illustrations ;
Dimensions 18 cm. 7 x 0.53 x 7 inches.
490 ## - SERIES STATEMENT
Series statement My First Crayons
500 ## - GENERAL NOTE
General note "From the creators of the #1 bestselling The day the crayons quit"--Cover
520 ## - SUMMARY, ETC.
Summary, etc "The crayons are getting ready to go back to school, and each crayon has a subject they're looking forward to the most. They're also ready to meet new friends ... and let loose during their very favorite time of day: art class"--
650 #0 - SUBJECT ADDED ENTRY--TOPICAL TERM
Topical term or geographic name as entry element Colors
Form subdivision Juvenile fiction.
9 (RLIN) 55673
650 #0 - SUBJECT ADDED ENTRY--TOPICAL TERM
Topical term or geographic name as entry element Crayons
Form subdivision Juvenile fiction.
9 (RLIN) 86821
650 #0 - SUBJECT ADDED ENTRY--TOPICAL TERM
Topical term or geographic name as entry element Schools
Form subdivision Juvenile fiction.
650 #7 - SUBJECT ADDED ENTRY--TOPICAL TERM
Topical term or geographic name as entry element JUVENILE FICTION / Concepts / Colors.
9 (RLIN) 70994
650 #7 - SUBJECT ADDED ENTRY--TOPICAL TERM
Topical term or geographic name as entry element JUVENILE FICTION / School & Education.
9 (RLIN) 53533
650 #7 - SUBJECT ADDED ENTRY--TOPICAL TERM
Topical term or geographic name as entry element JUVENILE FICTION / Humorous Stories.
9 (RLIN) 53658
655 #0 - INDEX TERM--GENRE/FORM
Genre/form data or focus term Picture books for children.
655 07 - INDEX TERM--GENRE/FORM
Genre/form data or focus term FICTION / Humorous Stories.
Facet/hierarchy designation JUV019000
Source of term bisacsh
9 (RLIN) 79445
655 #7 - INDEX TERM--GENRE/FORM
Genre/form data or focus term Juvenile works
Source of term fast
9 (RLIN) 52753
655 #7 - INDEX TERM--GENRE/FORM
Genre/form data or focus term Fiction
Source of term fast
9 (RLIN) 52739
655 #7 - INDEX TERM--GENRE/FORM
Genre/form data or focus term Picture books.
Source of term fast
9 (RLIN) 53881
655 #7 - INDEX TERM--GENRE/FORM
Genre/form data or focus term Picture books.
Source of term lcgft
9 (RLIN) 53881
655 #7 - INDEX TERM--GENRE/FORM
Genre/form data or focus term Fiction.
Source of term lcgft
9 (RLIN) 52739
655 #7 - INDEX TERM--GENRE/FORM
Genre/form data or focus term Fiction.
Source of term lcgft
9 (RLIN) 52739
700 1# - ADDED ENTRY--PERSONAL NAME
Personal name Jeffers, Oliver,
Relator term illustrator.
9 (RLIN) 32913
906 ## - LOCAL DATA ELEMENT F, LDF (RLIN)
a 0
b ibc
c copycat
d 2
e epcn
f 20
g y-gencatlg
942 ## - ADDED ENTRY ELEMENTS (KOHA)
Source of classification or shelving scheme
Holdings
Withdrawn status Lost status Source of classification or shelving scheme Damaged status Not for loan Home library Current library Date acquired Total Checkouts Full call number Barcode Date last seen Date checked out Price effective from Koha item type
          Logos International School Logos International School 11/11/2025 4 E DAY 041921 01/29/2026 01/22/2026 11/11/2025 Book

For any Logos Library related questions please contact Miss Art at swongnarasuk@asianhope.org.

For any Asian Hope Library related questions please contact Miss Raza at graza@asianhope.org.

Powered by Koha